Textos históricos-jurídicos navarros
Bewaard in:
| Hoofdauteurs: | , |
|---|---|
| Formaat: | Boek |
| Taal: | Spaans |
| Gepubliceerd in: |
Pamplona
Instituto Navarro de Administración Pública
2008
|
| Editie: | 1a. ed |
| Reeks: | Pro Libertate, 18
|
| Onderwerpen: | |
| Tags: |
Voeg label toe
Geen labels, Wees de eerste die dit record labelt!
|
MARC
| LEADER | 00000nam a2200000 a 4500 | ||
|---|---|---|---|
| 001 | UCH4627 | ||
| 003 | CL-VaPUC | ||
| 008 | 090827e20080000SP |||||||||||||||||spa|d | ||
| 020 | |a 9788423530908o.c | ||
| 020 | |a 9788423530915v.1 | ||
| 082 | 0 | 4 | |a 349.4663 |b MON |2 21 |
| 100 | |a Monreal Zia, Gregorio |e autor |9 540263 | ||
| 700 | 0 | |a Jimeno Aranguren, Roldán |e author |9 540264 | |
| 245 | 1 | 0 | |a Textos históricos-jurídicos navarros |
| 250 | |a 1a. ed | ||
| 300 | |a v | ||
| 942 | |c BK | ||
| 945 | |d 20090827 00:00:00 |a dcastane | ||
| 260 | |a Pamplona |b Instituto Navarro de Administración Pública |c 2008 | ||
| 500 | |a v.1: Historia antigua y medieval | ||
| 650 | 7 | |a DERECHO |2 CL-VaPUC |9 540265 | |
| 650 | 7 | |a DERECHO ANTIGUO |2 CL-VaPUC |9 540266 | |
| 650 | 0 | |a Historia del derecho |9 255109 | |
| 650 | 0 | |a Historia antigua y medieval |9 540267 | |
| 583 | |a last modification |c 20090827 00:00:00 |k Rodrigo Vera | ||
| 490 | 0 | |a Pro Libertate, 18 | |
| 999 | |c 335901 |d 335899 | ||
| 952 | |0 0 |1 0 |4 0 |6 349_466300000000000_MON_2008 |7 0 |8 A |9 426736 |a BIBDER |b BIBDER |d 2019-11-22 |h v.1 |i 4593367 |o 349.4663 MON 2008 |p 4593367 |r 2023-01-25 |w 2019-11-22 |y BK |k DER | ||